[Event "Tourn. n9349"]
[Site "www.chess-mail.com"]
[Date "2017.12.08"]
[Round "1"]
[White "Loper10"]
[Black "Rons"]
[WhiteElo "2730"]
[BlackElo "2600"]
[Result "0-1"]
[Round "1"]
1.e4 c5
2.d4 cxd4
3.c3 dxc3
4.Nb1xc3 Nb8c6
5.Ng1f3 d6
6.Bf1c4 e6
7.O-O a6
8.Qd1e2 Bf8e7
9.Rf1d1 Qd8c7
10.Bc1f4 Ng8f6
11.Ra1c1 O-O
12.Bc4b3 Qc7b8
13.Nc3a4 b5
14.Rc1xc6 bxa4
15.Bb3xa4 Bc8d7
16.Rc6c4 Bd7xa4
17.Rc4xa4 Qb8b5
18.Qe2xb5 axb5
19.Ra4xa8 Rf8xa8
20.Bf4xd6 Be7xd6
21.Rd1xd6 Nf6xe4
22.Rd6d4 Ne4f6
23.a3 Nf6d5
24.g3 b4
25.axb4 Ra8b8
26.Nf3e5 Nd5xb4
27.Rd4d7 f6
28.Ne5c4 h6
29.Kf1 Nb4d5
30.Ke2 Nd5b6
31.Nc4xb6 Rb8xb6
32.Rd7d2 Rb6b3
33.Kd1 Kf7
34.Rd2d7 Kg6
35.Kc2 Rb3f3
36.Rd7d2 Kf7
37.b3 Ke7
38.Kb2 Rf3f5
39.Kc3 Rf5c5
40.Kb4 Rc5c8
41.Ka3 Rc8a8
42.Kb2 Ra8b8
43.Rd2d4 e5
44.Rd4c4 Kd6
45.b4 Rb8b7
46.Kc3 Rb7a7
47.Kb3 Ra7b7
48.Rc4c2 Rb7b8
49.Rc2c5 Rb8e8
50.Kc4 Re8a8
51.Rc5d5 Ke6
52.b5 Ra8a2
53.b6 Ra2c2
54.Kb3 Rc2c8
55.b7 Rc8b8
56.Rd5b5 Kd6
57.Kb4 Kc6
58.Kc4 f5
59.Rb5xe5 Rb8xb7
60.Re5xf5 Kd6
61.Kd3 Ke6
62.Rf5h5 Rb7b4
63.Ke2 Kf6
64.Kf3 Rb4c4
65.h3 Rc4c2
66.g4 Rc2c3
67.Kg2 Rc3c1
68.Rh5f5 Ke6
69.Rf5f8 Rc1c6
70.Rf8a8 Kf6
71.h4 g5
72.Kg3 Rc6c3
73.f3 Rc3c6
74.Ra8a5 Rc6b6
75.h5 Rb6c6
76.Kf2 Rc6b6
77.Ra5c5 Ke6
78.Rc5f5 Ke7
79.Rf5e5 Kf6
80.Re5a5 Rb6c6
81.Ke3 Rc6b6
82.Kd4 Rb6b4
83.Kd5 Rb4b6
84.Ra5a3 Rb6b5
85.Kc4 Rb5b6
86.Kc5 Rb6e6
87.Kd5 Re6e5
88.Kd4 Re5e6
89.Ra3a7 Re6d6
90.Ke4 Rd6e6
91.Kd3 Re6b6
92.Ke3 Ke5
93.Ra7a3 Kf6
94.Ra3a4 Ke5
95.Ra4e4 Kf6
96.Kf2 Rb6c6
97.Re4e8 Rc6a6
98.Kg3 Ra6b6
99.Re8e3 Rb6d6
100.f4 gxf4
101.Kxf4 Rd6d1
102.Re3c3 { time. }
0-1

[Event "Tourn. n9576"]
[Site "www.chess-mail.com"]
[Date "2017.12.08"]
[Round "1"]
[White "Aiko1603"]
[Black "Norlavuaram"]
[WhiteElo "2020"]
[BlackElo "2150"]
[Result "1-0"]
[Round "1"]
1.c4 Ng8f6
2.Nb1c3 g6
3.g3 Bf8g7
4.Bf1g2 O-O
5.d4 c6
6.Ng1f3 d5
7.cxd5 cxd5
8.O-O Nb8c6
9.Bc1g5 h6
10.Bg5xf6 Bg7xf6
11.Qd1d2 Bf6g7
12.a3 Bc8g4
13.e3 Ra8c8
14.Nf3e1 Bg4e6
15.Ne1d3 Nc6a5
16.Qd2d1 Na5c4
17.Nc3e2 Nc4xb2
18.Nd3xb2 Qd8a5
19.Nb2d3 b6
20.Nd3b4 Rc8c4
21.Ne2f4 Rf8c8
22.Nf4xd5  { time }
1-0

[Event "Tourn. n9539"]
[Site "www.chess-mail.com"]
[Date "2017.12.08"]
[Round "1"]
[White "Cal"]
[Black "Silikon"]
[WhiteElo "1710"]
[BlackElo "1870"]
[Result "1-0"]
[Round "1"]
1.c4 e5
2.e4 Ng8f6
3.d3 Nb8c6
4.a3 Bf8c5
5.Nb1d2 d6
6.h3 Bc5d4
7.Ng1f3 O-O
8.Ra1b1 a6
9.b4 b5
10.Bf1e2 Nf6h5
11.O-O Qd8f6
12.c5 Qf6g6
13.Nf3h4 Qg6g5
14.Nh4f3 Qg5g3
15.Nf3xd4 Qg3g5
16.Nd4xc6 Bc8xh3
17.Be2f3 Nh5f4
18.Kh2 Ra8e8
19.g3 Bh3xf1
20.Nd2xf1 Qg5h6
21.Kg1 Re8e6
22.d4 Re6g6
23.Nc6e7 Kh8
24.Bc1xf4 exf4
25.Bf3g2 Rg6g5
26.Ne7f5 Rg5xf5
27.exf5 g5
28.g4 Qh6h4
29.Nf1h2 Rf8e8
30.Qd1f3 dxc5
31.bxc5 a5
32.Rb1xb5 Re8e1
33.Bg2f1 a4
34.Rb5b4 f6
35.Qf3g2 Re1a1
36.Nh2f3 Qh4h6
37.Rb4b8 Kg7
38.Rb8b7 Ra1xa3
39.Rb7xc7 Kh8
40.Bf1c4 Ra3a1
41.Bc4f1 a3
42.Rc7a7 Qh6f8
43.Qg2h3 h6
44.Kg2 Kg8
45.Bf1c4 Kh8
46.Qh3h5 { resign }
1-0

[Event "Tourn. n9574"]
[Site "www.chess-mail.com"]
[Date "2017.12.08"]
[Round "1"]
[White "Norlavuaram"]
[Black "Apdash"]
[WhiteElo "2140"]
[BlackElo "2180"]
[Result "0-1"]
[Round "1"]
1.e4 c5
2.Ng1f3 Nb8c6
3.c3 d5
4.Qd1e2 d4
5.d3 Bc8g4
6.h3 Bg4h5
7.g3 e6
8.Bf1g2 Bf8d6
9.O-O Ng8e7
10.Rf1d1 Qd8c7
11.Nb1d2 f5
12.Nd2f1 O-O
13.Nf1h2 fxe4
14.dxe4 dxc3
15.bxc3 Nc6e5
16.g4 Bh5e8
17.Nf3xe5 Bd6xe5
18.Nh2f3 Be5xc3
19.Ra1b1 Be8c6
20.Nf3g5 Qc7e5
21.f4 Bc3d4
22.Kh1 Qe5f6
23.Qe2c4 Bc6d7
24.Rb1xb7 Bd7c6
25.Rb7c7 Rf8c8
26.Ng5xe6 Kh8
27.Rc7xc8 Ra8xc8
28.g5 Qf6f7
29.Qc4b3 Qf7e8
30.Ne6xd4 cxd4
31.Rd1xd4 Ne7g6
 { time }
0-1

[Event "Tourn. n9606"]
[Site "www.chess-mail.com"]
[Date "2017.12.08"]
[Round "1"]
[White "Dussek"]
[Black "Claymil"]
[WhiteElo "1850"]
[BlackElo "2080"]
[Result "0-1"]
[Round "1"]
1.c4 c5
2.Nb1c3 Nb8c6
3.Ng1f3 g6
4.g3 Bf8g7
5.Bf1g2 e6
6.O-O Ng8e7
7.e3 O-O
8.Nc3e2 b6
9.d4 cxd4
10.exd4 Bc8b7
11.Ra1b1 d5
12.b3 dxc4
13.bxc4 Ra8b8
14.Bc1f4 Rb8c8
15.Qd1b3 Nc6xd4
16.Ne2xd4 Bg7xd4
17.Rb1d1 Bb7xf3
18.Bg2xf3 Ne7f5
19.Bf3b7 Rc8c5
20.Bb7e4 Qd8f6
21.Be4xf5 Rc5xf5
22.Rd1d3 e5
23.Bf4e3 Bd4xe3
24.Rd3xe3 Rf8d8
25.g4 Rf5f4
26.h3 Rd8d4
27.Qb3b5 e4
28.c5 Rd4d2
29.Re3e2 Rd2xe2
30.Qb5xe2 bxc5
31.Qe2b5 e3
32.Qb5e8 Kg7
33.Qe8xe3 Rf4f3
34.Qe3xc5 Rf3xh3
35.Kg2 Qf6f3
{ resign }
0-1

[Event "Tourn. n9613"]
[Site "www.chess-mail.com"]
[Date "2017.12.08"]
[Round "1"]
[White "Osopanda"]
[Black "Cal"]
[WhiteElo "1750"]
[BlackElo "1700"]
[Result "0-1"]
[Round "1"]
1.e4 e5
2.Ng1f3 d6
3.d4 exd4
4.Nf3xd4 c5
5.Nd4b3 h6
6.c4 Ng8f6
7.Bf1e2 Bf8e7
8.O-O O-O
9.Nb1c3 Nb8c6
10.Bc1f4 b6
11.Nc3d5 Nf6xe4
 { time }
0-1

[Event "Tourn. n9625"]
[Site "www.chess-mail.com"]
[Date "2017.12.08"]
[Round "1"]
[White "Apdash"]
[Black "Norlavuaram"]
[WhiteElo "2260"]
[BlackElo "2130"]
[Result "1-0"]
[Round "1"]
1.d4 Ng8f6
2.c4 c5
3.Ng1f3 cxd4
4.Nf3xd4 Nb8c6
5.e3 g6
6.Bf1e2 Bf8g7
7.Nb1c3 O-O
8.O-O d5
9.cxd5 Nf6xd5
10.Nd4xc6  { time }
1-0

[Event "Tourn. n9645"]
[Site "www.chess-mail.com"]
[Date "2017.12.08"]
[Round "1"]
[White "Claymil"]
[Black "Pangloss"]
[WhiteElo "2060"]
[BlackElo "1809"]
[Result "0-1"]
[Round "1"]
1.c4 e5
2.Nb1c3 Ng8f6
3.g3 d5
4.cxd5 Nf6xd5
5.Bf1g2 Nd5b6
6.a3 Nb8c6
7.e3 Bc8f5
8.Ng1e2 Bf8e7
9.O-O Bf5d3
10.Rf1e1 h5
11.f4 h4
12.b4 hxg3
13.hxg3 g5
14.Kf2 Qd8d7
15.Re1h1 O-O-O
16.Bc1b2 Nb6c4
17.Nc3a4 Rh8xh1
18.Bg2xh1 exf4
19.gxf4 gxf4
20.Ne2xf4 Nc4xb2
21.Na4xb2 Be7h4
22.Kg1 Rd8g8
23.Nf4g2 Bd3e4
24.Qd1e2 Qd7h3
25.Ra1f1 Bh4g3
{ resign }
0-1

[Event "Tourn. n9568"]
[Site "www.chess-mail.com"]
[Date "2017.12.08"]
[Round "1"]
[White "Coolant"]
[Black "Norlavuaram"]
[WhiteElo "2280"]
[BlackElo "2150"]
[Result "1-0"]
[Round "1"]
1.d4 Ng8f6
2.Ng1f3 c5
3.d5 d6
4.Nb1c3 a6
5.a4 g6
6.e4 Bf8g7
7.Bf1d3 O-O
8.O-O Nb8d7
9.Rf1e1 Nf6g4
10.h3 Ng4e5
11.Nf3d2 Ne5xd3
12.cxd3 Ra8b8
13.a5 Qd8c7
14.Nd2c4 b5
15.axb6 Nd7xb6
16.Nc4a5 Bc8d7
17.Bc1e3 Rb8a8
18.Qd1d2 Rf8b8
19.b3 Bd7b5
20.Ra1a2 Nb6d7
21.f4 e6
22.dxe6 fxe6
23.Re1c1 Nd7b6
24.d4 Rb8c8
25.Nc3xb5 axb5
26.dxc5 dxc5
27.Rc1xc5 Qc7d7
28.Rc5xc8 Nb6xc8
29.Qd2xd7  { time }
1-0

[Event "Tourn. n9629"]
[Site "www.chess-mail.com"]
[Date "2017.12.08"]
[Round "1"]
[White "Norlavuaram"]
[Black "Fantomas"]
[WhiteElo "2100"]
[BlackElo "2140"]
[Result "0-1"]
[Round "1"]
1.e4 c5
2.Ng1f3 d6
3.d4 cxd4
4.Nf3xd4 Ng8f6
5.Nb1c3 g6
6.Bf1e2 Bf8g7
7.Bc1e3 O-O
 { time }
0-1

[Event "Tourn. n9610"]
[Site "www.chess-mail.com"]
[Date "2017.12.08"]
[Round "1"]
[White "Fantomas"]
[Black "Norlavuaram"]
[WhiteElo "2140"]
[BlackElo "2110"]
[Result "1-0"]
[Round "1"]
1.f4 d5
2.Ng1f3 c5
3.e3 Nb8c6
4.Bf1e2 Ng8f6
5.O-O e6
6.d3 Bf8e7
7.b3 O-O
8.Bc1b2 Bc8d7
9.Nb1d2 b5
10.c4 bxc4
11.dxc4 Ra8b8
12.Nf3e5 Nc6xe5
13.Bb2xe5 Rb8c8
14.Qd1c2 Bd7e8
15.Rf1f3 d4
16.exd4 cxd4
17.Qc2d3  { time }
1-0

[Event "Tourn. n9581"]
[Site "www.chess-mail.com"]
[Date "2017.12.08"]
[Round "1"]
[White "Wegaman"]
[Black "Norlavuaram"]
[WhiteElo "2060"]
[BlackElo "2160"]
[Result "1-0"]
[Round "1"]
1.d4 Ng8f6
2.c4 c5
3.d5 e6
4.Bc1g5 d6
5.Ng1f3 exd5
6.cxd5 Bf8e7
7.Nb1c3 O-O
8.e4 Rf8e8
9.Bf1d3 a6
10.O-O b5
11.a3 Bc8b7
12.Qd1c2 Nb8d7
13.Rf1e1 Ra8c8
14.Ra1c1 Qd8c7
15.Qc2b1 h6
16.Bg5h4 Nd7f8
17.Bh4g3 Nf6h5
18.Nc3e2 Nh5xg3
19.hxg3 Nf8g6
20.g4  { time }
1-0

[Event "Tourn. n9610"]
[Site "www.chess-mail.com"]
[Date "2017.12.08"]
[Round "1"]
[White "Norlavuaram"]
[Black "Orhany24"]
[WhiteElo "2110"]
[BlackElo "2130"]
[Result "0-1"]
[Round "1"]
1.e4 e5
2.Ng1f3 Nb8c6
3.Bf1b5 a6
4.Bb5a4 Ng8f6
5.O-O b5
6.Ba4b3 Bf8e7
7.Rf1e1 d6
8.c3 Nc6a5
9.Bb3c2 c5
10.d4 Qd8c7
11.Nb1d2 O-O
12.Nd2f1 h6
13.h3 Nf6h7
 { time }
0-1

[Event "Match"]
[Site "www.echecsemail.com"]
[Date "2017.12.08"]
[Round "1"]
[White "Sahlapalat"]
[Black "Dussek"]
[WhiteElo "1499"]
[BlackElo "1900"]
[Result "1-0"]
[Round "1"]
1.d4 d5
2.c4 Nb8c6
3.cxd5 Qd8xd5
4.e3 e5
5.Nb1c3 Bf8b4
6.Bc1d2 Bb4xc3
7.Bd2xc3 e4
8.Ng1e2 Ng8f6
9.Ne2f4 Qd5d8
10.d5 Bc8g4
11.Bc3xf6 Bg4xd1
12.Bf6xd8 Nc6xd8
13.Ra1xd1 O-O
14.Bf1c4 b6
15.O-O Nd8b7
16.b4 Nb7d6
17.Bc4b3 Ra8d8
18.Rd1c1 Rd8c8
19.Rf1d1 Rf8e8
20.a4 g6
21.Nf4e2 a6
22.Ne2d4 Re8e7
23.Nd4c6 Re7d7
24.h4 f5
25.g3 Kg7
26.Nc6d4 Kf6
27.Rc1c6 Ke5
28.Rd1c1 Nd6e8
29.Rc6e6 { resign }
1-0

[Event "Match"]
[Site "www.echecsemail.com"]
[Date "2017.12.08"]
[Round "1"]
[White "Mystakerchon"]
[Black "Iko"]
[WhiteElo "1399"]
[BlackElo "1640"]
[Result "1/2-1/2"]
[Round "1"]
1.e4 e5
2.Ng1f3 d6
3.Nb1c3 Bc8g4
4.Bf1e2 Bg4xf3
5.Be2xf3 Nb8c6
6.O-O Nc6d4
7.d3 g5
8.Bc1e3 Nd4xf3
9.Qd1xf3 Ng8f6
10.Be3xg5 Bf8g7
11.Nc3d5 Rh8g8
12.Bg5xf6 Bg7xf6
13.Nd5xf6 Kf8
14.Nf6xg8 Kxg8
15.Qf3g3 Kf8
16.f4 Qd8e7
17.fxe5 dxe5
18.Rf1f2 Ke8
19.Ra1f1 Ra8d8
20.Rf2xf7 { draw }
1/2-1/2

[Event "Match"]
[Site "www.echecsemail.com"]
[Date "2017.12.08"]
[Round "1"]
[White "Apdash"]
[Black "Luzhin"]
[WhiteElo "2310"]
[BlackElo "2370"]
[Result "0-1"]
[Round "1"]
1.e4 e5
2.Ng1f3 Nb8c6
3.Bf1b5 a6
4.Bb5a4 Ng8f6
5.d3 Bf8c5
6.Qd1e2 d6
7.Bc1g5 b5
8.Ba4b3 Nc6a5
9.Nb1c3 c6
10.O-O O-O
11.a3 Na5xb3
12.cxb3 Rf8e8
13.b4 Bc5b6
14.Kh1 h6
15.Bg5h4 Bc8e6
16.Nf3d2 Qd8e7
17.f4 exf4
18.e5 dxe5
19.Qe2xe5 Nf6g4
20.Bh4xe7 Ng4xe5
21.Be7d6 Ne5xd3
22.Bd6xf4 Nd3xf4
23.Rf1xf4 Bb6e3
24.Rf4f1 Be3xd2
25.Nc3e4 Bd2g5
26.Ne4c5 Be6d5
27.h3 Bd5xg2
28.Kxg2 Re8e2
29.Rf1f2 Re2xf2
30.Kxf2 Bg5f6
31.Ra1b1 Bf6d4
32.Kf3 Bd4xc5
33.bxc5 Ra8d8
34.Ke3 f5
35.h4 g6
36.Rb1g1 Kg7
37.Kf4 Rd8d4
38.Ke5 Rd4d5
39.Ke6 Rd5xc5
40.Rg1d1 Rc5d5
41.Rd1c1 Rd5d2
42.Rc1xc6 Rd2e2
43.Kd5 f4
44.Rc6c1 g5
45.hxg5 hxg5
46.Rc1c6 f3
{ resign }
0-1

[Event "Match"]
[Site "www.echecsemail.com"]
[Date "2017.12.08"]
[Round "1"]
[White "Lcbunghai"]
[Black "Liencam2"]
[WhiteElo "1960"]
[BlackElo "2270"]
[Result "0-1"]
[Round "1"]
1.e4 c5
2.Ng1f3 e6
3.d4 cxd4
4.Qd1xd4 Nb8c6
5.Qd4d1 Ng8f6
6.Bf1d3 d5
7.exd5 exd5
8.h3 Bf8e7
9.O-O O-O
10.a3 Qd8c7
11.c3 h6
12.Bc1f4 Qc7xf4
13.Nb1d2 Bc8e6
14.Rf1e1 Ra8d8
15.Nd2f1 Be7c5
16.Nf1e3 Bc5xe3
17.Re1xe3 d4
18.cxd4 Nc6xd4
19.Nf3xd4 Qf4xd4
20.Qd1e2 Nf6d5
21.Re3e4 Nd5f4
22.Re4xd4 Nf4xe2
{ resign }
0-1

[Event "Match"]
[Site "www.echecsemail.com"]
[Date "2017.12.08"]
[Round "1"]
[White "Coraza"]
[Black "Iko"]
[WhiteElo "1860"]
[BlackElo "1610"]
[Result "0-1"]
[Round "1"]
1.c4 e5
2.e4 Nb8c6
3.Nb1c3 Bf8b4
4.Nc3d5 Ng8f6
5.Nd5xb4 Nc6xb4
6.Ng1f3 Nf6xe4
7.d3 Ne4c5
8.a3 d6
9.axb4 Nc5e6
10.g3 O-O
11.Bc1e3 Bc8d7
12.Be3xa7 Qd8f6
13.Bf1g2 e4
14.dxe4 Qf6xb2
15.O-O Qb2xb4
16.Nf3d2 Ne6d4
17.Ra1b1 Qb4c3
18.Ba7xd4 Qc3xd4
19.Rb1xb7 Ra8a1
20.Qd1c2 Bd7a4
21.Rb7b3 Ba4xb3
22.Nd2xb3 Ra1xf1
23.Bg2xf1 Qd4e5
24.Bf1d3 g6
25.Nb3d2 Rf8a8
26.Kg2 Qe5a1
27.Nd2b3 Qa1e1
28.Bd3f1 Ra8e8
29.Nb3d2 Re8e6
30.Qc2b2 Re6e8
31.Nd2f3 Qe1d1
32.Bf1e2 Qd1a4
33.Qb2b7 Re8e7
34.Qb7b8 Kg7
35.Qb8b2 f6
36.Be2d3 g5
37.h4 g4
38.Nf3d4 Qa4d1
39.Bd3e2 Qd1e1
40.Nd4f5 Kf7
41.Nf5xe7 Kxe7
42.Be2xg4 Qe1xe4
43.Bg4f3 Qe4xc4
44.Qb2b1 c5
45.Qb1xh7 Ke6
46.Bf3h5 Qc4d5
47.Kh2 c4
48.Bh5f7 Ke5
49.Bf7xd5 Kxd5
50.Qh7f5 Kc6
51.Qf5xf6 Kd5
52.h5 c3
53.Qf6xc3 Ke6
 { time }
0-1

[Event "Match"]
[Site "www.echecsemail.com"]
[Date "2017.12.08"]
[Round "1"]
[White "Sonny1000"]
[Black "Dussek"]
[WhiteElo "1580"]
[BlackElo "1830"]
[Result "0-1"]
[Round "1"]
1.e4 d6
2.Nb1c3 Ng8f6
3.Qd1f3 Nb8d7
4.d4 c6
5.h4 e5
6.dxe5 Nd7xe5
7.Qf3e3 Bf8e7
8.Qe3g5 Ne5g6
9.a4 Nf6xe4
10.Qg5e3 Ne4xc3
11.Qe3xc3 Be7f6
12.Qc3e3 Bf6e7
13.Bf1d3 O-O
14.Qe3d4 Be7f6
15.g3 Bf6xd4
16.Ng1f3 Rf8e8
17.Kf1 Bd4c5
18.Bd3c4 d5
19.Bc4d3 Ng6e5
20.Nf3xe5 Re8xe5
21.f4 Re5e8
22.a5 Bc5b4
23.Ra1a4 Re8e1
24.Kg2 Re1xh1
25.Kxh1 Bb4xa5
26.b4 Ba5b6
27.Bc1d2 Qd8d7
28.f5 Qd7d6
29.Bd2f4 Qd6e7
30.Ra4a1 Qe7xb4
31.Ra1f1 Bc8d7
32.Bf4e5 f6
33.Be5f4 Ra8e8
34.Kh2 c5
35.h5 c4
36.Bd3xc4 Qb4xc4
37.Rf1f3 Qc4xc2
38.Kh3 Qc2xf5
39.g4 Qf5xg4
40.Kh2 Qg4g1
{ resign }
0-1

[Event "Fast Game"]
[Site "www.echecsemail.com"]
[Date "2017.12.08"]
[Round "1"]
[White "Pangloss"]
[Black "Sahlapalat"]
[WhiteElo "1599"]
[BlackElo "1599"]
[Result "1-0"]
[Round "1"]
1.e4 c5
2.d4 cxd4
3.c3 d3
4.Bf1xd3 Nb8c6
5.c4 Ng8f6
6.Nb1c3 d6
7.Ng1f3 g6
8.Bc1g5 Bf8g7
9.Qd1d2 O-O
10.O-O-O Bc8d7
11.h3 Ra8c8
12.g4 Qd8a5
13.a3 a6
14.Kb1 Bd7e6
15.Nc3d5 Qa5xd2
16.Nf3xd2 Be6xd5
17.cxd5 Nc6e5
18.Bd3e2 h6
19.Bg5e3 b5
20.Rd1c1 Ne5c4
21.Nd2xc4 bxc4
22.Rc1xc4 Rc8xc4
23.Be2xc4 Nf6xe4
24.Bc4xa6 Rf8b8
25.b4 Ne4c3
26.Kb2 Nc3xd5
27.Kb3 Nd5xe3
28.fxe3 d5
29.a4 Bg7e5
30.a5 Be5d6
31.b5 Bd6c5
32.Rh1d1 e6
33.Rd1d3 Kf8
34.Rd3c3 Bc5a7
35.Ka4 Kg7
36.Rc3b3 Rb8d8
37.b6 Ba7b8
38.Ba6e2 Kf6
39.a6 Rd8d7
40.Be2b5 Rd7e7
41.Bb5c6 Ke5
42.Bc6b7 { resign }
1-0

[Event "Tourn. n9628"]
[Site "www.chess-mail.com"]
[Date "2017.12.09"]
[Round "1"]
[White "Andychesston"]
[Black "Norlavuaram"]
[WhiteElo "2000"]
[BlackElo "2100"]
[Result "1-0"]
[Round "1"]
1.e4 e5
2.Ng1f3 Nb8c6
3.d4 exd4
4.Nf3xd4 Ng8f6
5.Nb1c3 Bf8b4
6.Nd4xc6 dxc6
7.Qd1xd8 Kxd8
8.e5  { time }
1-0

[Event "Tourn. n9602"]
[Site "www.chess-mail.com"]
[Date "2017.12.09"]
[Round "1"]
[White "Prize64"]
[Black "Mitja"]
[WhiteElo "2020"]
[BlackElo "1950"]
[Result "1/2-1/2"]
[Round "1"]
1.e4 d5
2.exd5 Qd8xd5
3.Ng1f3 e6
4.d4 h6
5.Bf1d3 b6
6.O-O Bc8b7
7.c4 Qd5d8
8.Bc1e3 Ng8f6
9.Nb1c3 Bf8e7
10.Nf3e5 Nb8d7
11.h3 O-O
12.Qd1e2 Nd7xe5
13.dxe5 Nf6d7
14.Be3f4 Nd7c5
15.Bd3c2 Be7g5
16.Ra1d1 Qd8e7
17.Qe2g4 Bg5xf4
18.Qg4xf4 Ra8d8
19.a3 Rd8xd1
20.Rf1xd1 Rf8d8
21.b4 Rd8xd1
22.Bc2xd1 Nc5d7
23.Nc3b5 a6
24.Nb5d4 Nd7f8
25.Bd1f3 Bb7xf3
26.Qf4xf3 c5
27.Nd4c2 cxb4
28.axb4 Qe7c7
29.Qf3e4 Nf8d7
30.f4 f5
31.exf6 Nd7xf6
32.Qe4xe6 Kh7
33.Qe6f5 Kh8
34.Nc2e3 Qc7d6
35.c5 bxc5
36.bxc5 Qd6c6
37.Ne3c4 Nf6d7
38.Nc4e5 Qc6xc5
39.Kh2 Nd7xe5
40.fxe5 a5
41.Qf5e6 a4
42.Qe6d6 Qc5e3
43.e6 a3
44.e7 a2
45.Qd6d8 Kh7
46.e8Q Qe3xe8
47.Qd8xe8 a1Q
48.Qe8e4 { draw }
1/2-1/2

[Event "Tourn. n9525"]
[Site "www.chess-mail.com"]
[Date "2017.12.09"]
[Round "1"]
[White "Falcoale"]
[Black "Prize64"]
[WhiteElo "1950"]
[BlackElo "1820"]
[Result "0-1"]
[Round "1"]
1.e4 c5
2.Ng1f3 e6
3.b3 d5
4.exd5 Qd8xd5
5.Nb1c3 Qd5d8
6.Bc1b2 Nb8c6
7.Nc3e4 Nc6d4
8.Nf3xd4 cxd4
9.Qd1f3 Ng8h6
10.O-O-O e5
11.c3 a6
12.Bf1c4 Bc8g4
13.Qf3g3 Bg4xd1
14.Rh1xd1 f5
15.Qg3xe5 Qd8e7
16.Qe5xe7 Bf8xe7
17.Ne4g3 Ra8c8
18.Bc4e6 Rc8c5
19.Kb1 dxc3
20.dxc3 Be7f6
21.Kc2 Rc5e5
22.Be6d5 Nh6f7
23.Bd5xb7 a5
24.c4 Re5c5
25.Bb2a3 Rc5c7
26.Bb7d5 g6
27.Rd1e1 Bf6e7
28.Ba3b2 O-O
29.Ng3e2 Be7b4
30.Re1d1 Bb4d6
31.Ne2d4 Rf8b8
32.Nd4e6 Rc7e7
33.Bb2f6 Re7d7
34.g3 Bd6e7
35.Ne6g5 Be7xf6
36.Ng5xf7 Rd7xf7
37.Bd5xf7 Kxf7
38.Rd1d5 a4
39.Rd5b5 axb3
40.axb3 Rb8xb5
41.cxb5 Bf6d4
42.f3 Ke6
43.Kd3 Bd4b6
44.h3 Kd5
45.Kc3 Kc5
46.g4 Kxb5
47.Kc2 Kb4
48.Kb2 Bb6d8
49.Kc2 Bd8f6
50.f4 Bf6c3
51.Kd3 Kxb3
52.Ke3 Kc4
53.Kf3 Kd3
54.gxf5 gxf5
55.Kg3 Ke3
{ resign }
0-1

[Event "Tourn. n9564"]
[Site "www.chess-mail.com"]
[Date "2017.12.09"]
[Round "1"]
[White "Apdash"]
[Black "Norlavuaram"]
[WhiteElo "2180"]
[BlackElo "2130"]
[Result "1-0"]
[Round "1"]
1.e4 e5
2.Ng1f3 Qd8e7
3.Bf1c4 h6
4.Nb1c3 c6
5.O-O g6
6.Rf1e1 Bf8g7
7.d4 d6
8.h3 Ng8f6
9.dxe5 dxe5
10.a4 O-O
11.Bc1e3 Rf8d8
12.Qd1c1 Kh7
13.Nf3h2 Bc8e6
14.Bc4xe6 Qe7xe6
15.Re1d1 Nb8d7
16.Rd1d3 Nd7f8
17.Rd3xd8 Ra8xd8
18.Be3xa7 g5
19.f3 Nf8g6
20.b3 Ng6f4
21.Qc1e3 Qe6d7
22.Ra1d1 Qd7e7
23.Rd1xd8 Qe7xd8
24.Nh2g4 Nf6xg4
25.hxg4 Qd8a5
26.g3 Qa5xc3
27.gxf4 Qc3xe3
28.Ba7xe3 exf4
29.Be3c5 Bg7c3
30.Kf2 Kg7
31.Ke2 Kf6
32.Bc5f8 Kg6
33.Kd3 Bc3e5
34.b4 h5
35.gxh5 Kxh5
36.c4 g4
37.fxg4  { time }
1-0

[Event "Tourn. n9551"]
[Site "www.chess-mail.com"]
[Date "2017.12.09"]
[Round "1"]
[White "Norlavuaram"]
[Black "Apdash"]
[WhiteElo "2110"]
[BlackElo "2100"]
[Result "0-1"]
[Round "1"]
1.e4 c5
2.Ng1f3 d6
3.d4 cxd4
4.Nf3xd4 Ng8f6
5.Bf1d3 e5
6.Nd4b3 Bf8e7
7.O-O O-O
8.c4 Nb8c6
9.Nb1c3 Bc8g4
10.f3 Bg4e6
11.Bc1e3 Nf6d7
12.Qd1e2 Nd7c5
13.Nb3xc5 dxc5
14.Ra1d1 Nc6d4
15.Qe2f2 a6
16.Nc3d5 f5
17.Nd5xe7 Qd8xe7
18.Bd3b1 Be6xc4
19.Rf1e1 fxe4
20.Bb1xe4 Bc4xa2
21.b4 Ba2b3
22.Rd1b1 Bb3e6
23.bxc5 Ra8b8
24.Be3xd4 exd4
25.Be4d5 Qe7xc5
26.Bd5xe6 Kh8
27.Qf2d2 b5
28.Rb1c1 Qc5b6
29.Be6d5 Rf8d8
30.Bd5e4 b4
31.Rc1c6 Qb6a7
32.Re1c1 a5
33.Rc6c7 Qa7b6
34.Qd2g5 d3
35.Kh1 Qb6f6
36.Qg5xf6 gxf6
37.Rc7xh7 Kg8
38.Rc1c7 d2
39.Rc7g7 Kf8
40.Rg7f7 Kg8
41.Rh7g7 Kh8
 { time }
0-1

[Event "Tourn. n9621"]
[Site "www.chess-mail.com"]
[Date "2017.12.09"]
[Round "1"]
[White "Francesco"]
[Black "Vios"]
[WhiteElo "2190"]
[BlackElo "2210"]
[Result "0-1"]
[Round "1"]
1.e4 a6
2.d4 b5
3.c4 b4
4.Bc1f4 g6
5.Ng1f3 Bf8g7
6.Bf1e2 Bc8b7
7.e5 d6
8.Qd1a4 Qd8d7
9.Qa4xb4 c5
10.dxc5 Nb8c6
11.Qb4d2 dxe5
12.Qd2xd7 Kxd7
13.Bf4c1 Nc6b4
14.Nb1a3 e4
15.Nf3g5 Ke8
16.O-O Bg7d4
17.Rf1d1 Bd4xc5
18.b3 h6
19.Bc1b2 Ng8f6
20.Rd1d2 hxg5
21.Bb2xf6 exf6
22.Ra1d1 e3
23.Rd2d7 exf2
24.Kf1 Rh8xh2
{ resign }
0-1

[Event "Tourn. n9534"]
[Site "www.chess-mail.com"]
[Date "2017.12.09"]
[Round "1"]
[White "Norlavuaram"]
[Black "Bojan"]
[WhiteElo "2070"]
[BlackElo "2020"]
[Result "0-1"]
[Round "1"]
1.e4 e5
2.Ng1f3 d6
3.d4 exd4
4.Nf3xd4 g6
5.Bc1e3 Bf8g7
6.c4 c5
7.Nd4b5 Ke7
8.Nb1c3 Bg7xc3
9.Nb5xc3 Bc8e6
10.Nc3d5 Kf8
11.Bf1d3 b6
12.O-O f6
13.Qd1f3 Nb8d7
14.Qf3g3 Nd7e5
15.Bd3e2 Qd8d7
16.f4 Ne5c6
17.e5 Kg7
18.exf6 Ng8xf6
19.Be2f3 Ra8e8
20.Ra1d1 Rh8f8
21.Nd5xf6 Rf8xf6
22.b3 Nc6b4
23.a3 Nb4c2
24.Be3c1 Be6f5
25.Bf3d5 Bf5e4
26.Bc1b2 Be4xd5
27.Bb2xf6 Kxf6
28.Qg3c3 Nc2d4
29.Kh1 Bd5xg2
30.Kxg2 Kf7
31.Rd1e1 Re8f8
32.Qc3d3 h6
33.Re1e3 Nd4f5
34.Qd3d5 Kg7
35.Re3e1 Rf8f6
36.Re1e4 Nf5e7
37.Qd5d2 Qd7g4
38.Kh1 Ne7f5
39.Qd2g2 Qg4h5
40.Re4e8 Rf6f7
41.Rf1e1 g5
42.fxg5 hxg5
43.Re1g1 Kg6
44.Qg2a8 Qh5h7
45.Re8e6 Rf7f6
46.Qa8e8 Kg7
 { time }
0-1

[Event "Tourn. n9604"]
[Site "www.chess-mail.com"]
[Date "2017.12.09"]
[Round "1"]
[White "Fantomas"]
[Black "Norlavuaram"]
[WhiteElo "2170"]
[BlackElo "2150"]
[Result "1-0"]
[Round "1"]
1.e4 e5
2.Ng1f3 Nb8c6
3.Bf1c4 Bf8e7
4.c3 Ng8f6
5.d3 d6
6.h3 O-O
7.O-O Nc6a5
8.Bc4b5 a6
9.Bb5a4 b5
10.Ba4c2 c5
11.Bc1e3 Na5c6
12.a3 Qd8c7
13.b4 Bc8b7
14.Nb1d2 h6
15.d4 c4
16.d5 Nc6b8
17.Nf3h2 Nf6d7
18.f3 Rf8e8
19.Qd1e2 Nd7f8
20.f4 Nb8d7
21.f5  { time }
1-0

[Event "Tourn. n9604"]
[Site "www.chess-mail.com"]
[Date "2017.12.09"]
[Round "1"]
[White "Norlavuaram"]
[Black "Bojan"]
[WhiteElo "2150"]
[BlackElo "2010"]
[Result "0-1"]
[Round "1"]
1.e4 e5
2.Ng1f3 d6
3.d4 Qd8e7
4.Bf1c4 h6
5.Nb1c3 c6
6.O-O Nb8d7
7.Rf1e1 Nd7b6
8.Bc4b3 Bc8g4
9.dxe5 dxe5
10.Qd1e2 Ng8f6
11.h3 Bg4h5
12.Bc1e3 Nf6h7
13.Ra1d1 Qe7f6
14.Rd1d3 Bf8e7
15.Re1d1 Bh5xf3
16.Qe2xf3 Qf6xf3
17.gxf3 O-O
18.Kh2 Kh8
19.Be3xb6 axb6
 { time }
0-1

[Event "Tourn. n9576"]
[Site "www.chess-mail.com"]
[Date "2017.12.09"]
[Round "1"]
[White "Norlavuaram"]
[Black "Luban"]
[WhiteElo "2150"]
[BlackElo "2120"]
[Result "0-1"]
[Round "1"]
1.e4 c6
2.d4 d5
3.Nb1d2 dxe4
4.Nd2xe4 Bc8f5
5.Ne4g3 Bf5g6
6.Ng1f3 Nb8d7
7.Bf1e2 h6
8.Bc1e3 e6
9.Qd1d2 Ng8f6
10.O-O Bf8e7
11.c3 O-O
12.Ra1d1 Nd7b6
13.c4 Nf6e4
14.Qd2c1 Qd8c7
15.Ng3xe4 Bg6xe4
16.Nf3d2 Be4g6
17.a3 Ra8c8
18.b4 Nb6a4
19.Be2f3 b5
20.Nd2e4 a5
21.cxb5 axb4
22.axb4 cxb5
23.Ne4c5 Na4b6
24.d5 exd5
25.Bf3xd5 Nb6xd5
26.Rd1xd5 Be7xc5
27.Rd5xc5 Qc7b7
28.Rc5xc8 Rf8xc8
29.Qc1b2 Bg6d3
 { time }
0-1

[Event "Tourn. n9545"]
[Site "www.chess-mail.com"]
[Date "2017.12.09"]
[Round "1"]
[White "Bojan"]
[Black "Norlavuaram"]
[WhiteElo "2060"]
[BlackElo "2080"]
[Result "1-0"]
[Round "1"]
1.e4 e5
2.Ng1f3 Nb8c6
3.c3 Ng8f6
4.Bf1b5 d6
5.h3 Bc8d7
6.b4 a6
7.Bb5c4 b5
8.Bc4d3 Bf8e7
9.Bd3c2 O-O
10.d3 Nf6e8
11.Bc1e3 f5
12.Nb1d2 f4
13.Bc2b3 Kh8
14.Nf3xe5 dxe5
15.Be3c5 Ne8d6
16.Nd2f3 g5
17.Nf3h2 a5
18.Nh2g4 a4
19.Bb3d5 Ra8b8
20.f3 h5
21.Ng4f2 Kg7
22.a3 Be7f6
23.Kd2 Rf8h8
24.Qd1e2 Nc6e7
25.Bd5a2 Nd6b7
26.Kc2 Nb7xc5
27.bxc5 c6
28.Ra1b1 Qd8a5
29.Rb1b2 Qa5a7
30.Rh1b1 Qa7c7
31.Rb2b4 Qc7a7
32.d4 exd4
33.cxd4 Ne7g6
34.Nf2h1 Rb8e8
35.Rb1d1 Bf6d8
36.Nh1f2 Bd7e6
37.Ba2xe6 Re8xe6
38.Rd1d3 Bd8a5
39.Rb4b1 Rh8d8
40.Rb1d1 b4
41.Kb2 bxa3
42.Kxa3 Rd8b8
43.Qe2c2  { time }
1-0